01064naa a2200325 i 45000010005000000030009000050050017000140080041000310150018000720350021000900400028001110410013001390800014001520800008001660800010001740800012001840800011001960800011002071000130002182450087003485040024004355460019004596480016004786500009004946500023005036500023005267730161005499420013007109990015007238814KOSZ 00520180307115509.0180307s2004 pl a |000 0 pol  aPB 2004/22832 a(OCoLC)749407511 aWA NcWA NdKOSZ 005/HR0 apolbeng a336.226.1 a657 a614.2 a339.166 a615.12 a661.121 aDAWID, Leszek.bPolitechnika Koszalińska - Wydział Budownictwa i Inżynierii Środowiska,cKatedra Geodezji Gospodarczej10aEkonomiczne osobliwości rynku opieki zdrowotnej i rynku leków /cLeszek Dawid. aBibliogr. s. 57-59. aStreszcz. ang. 0a2001-96829 4aLeki 0aPodatek dochodowy. 0aSłużba zdrowia.0 iW :tZeszyty Studiów Doktoranckich / Akademia Ekonomiczna w Poznaniu. Wydział Ekonomii. Studia Doktoranckie. -dPoznań : AE. -g2004, z. 16, s. 38-59. 2UKDcROZ c8814d8814